00542nam a2200157 a 450000100100000000500170001000800410002704000250006808200180009310000320011124500600014326000670020330000210027065000350029165100580032600001360420200929163301.0091126s1951 dr 000 0 spa d aDO-SdBNPbspacBNPHU a341.35bA516f1 aAmiama Tió, Fernándo A.14aLas funciones consulares /cFernándo A. Amiama Tió. aCiudad Trujillo, República Dominicana :bArte y Cine,c1951. a172 p. ;c24 cm. 4aDerecho diplomatico y consular 4aRepública DominicanaxServicio Diplomatico Consular